| 000 | 00638nam a2200193Ia 4500 | ||
|---|---|---|---|
| 003 | GCL | ||
| 008 | 140319s9999 xx 000 0 ara d | ||
| 040 |
_aGCL / _cGCL |
||
| 082 | 0 | 4 |
_a362.610 _bم ى |
| 100 | 1 | _aمنظمة الامم المتحدة للاطفال | |
| 245 | 1 | 0 |
_aيوسف فى مصر / _cمنظمة الامم المتحدة للاطفال |
| 260 |
_a[S.N] : _bمنظمة الامم المتحدة للاطفال ، _c1990 |
||
| 300 | _a35 ص | ||
| 490 | _a | ||
| 650 | 0 | 4 | _aالاطفال |
| 650 | 0 | 4 | _aالعناية الصحية |
| 650 | 0 | 4 | _aمنظمة الامم المتحدة للاطفال |
| 942 |
_2ddc _cBK |
||
| 999 |
_c35909 _d35909 |
||